| 000 | 00914nas a2200277 4500 | ||
|---|---|---|---|
| 001 | BR0903741 | ||
| 003 | BR-BrBNA | ||
| 005 | 20231205113446.0 | ||
| 007 | ta | ||
| 008 | 230509b bl.|||p| |||| 00| 00por d | ||
| 040 |
_aBR-BrBNA _bpor _cBiblioteca Nacional de Agricultura |
||
| 041 | _a(Pt) | ||
| 072 | _aE70 | ||
| 100 | 1 | _aBrum, A.L. | |
| 100 | 1 | _aLuft, A. | |
| 245 | 1 | _aAspectos da cadeia produtiva do milho e as relações comerciais nos estados do Rio Grande do Sul e Mato Grosso (1994/95-2005/06) | |
| 650 | _aMILHO | ||
| 650 | _aCADEIA PRODUTIVA | ||
| 650 | _aCOMERCIALIZAÇÃO | ||
| 650 | _aRIO GRANDE DO SUL | ||
| 650 | _aMATO GROSSO | ||
| 773 | 0 |
_tExtensão Rural. Revista do DEAER (Brazil) _xISSN 1415-7802 _g(Jul-Dec 2008), v. 15(16) p. 117-143 _wBR0903741 |
|
| 856 | 4 | 0 | _uhttp://www.aprh.pt/rgci/pdf/rgci-155_Borges.pdf |
| 909 |
_a202311 _bLúcia _c55 _dLúcia Elande |
||
| 942 |
_2AGRIS _n0 _cANA |
||
| 999 |
_c203888 _d203888 |
||